<?xml version="1.0" encoding="UTF-8"?>
<record
    xmlns:xsi="http://www.w3.org/2001/XMLSchema-instance"
    xsi:schemaLocation="http://www.loc.gov/MARC21/slim http://www.loc.gov/standards/marcxml/schema/MARC21slim.xsd"
    xmlns="http://www.loc.gov/MARC21/slim">

  <leader>03706nam a2200421 i 4500</leader>
  <controlfield tag="001">ebr10757544</controlfield>
  <controlfield tag="003">CaPaEBR</controlfield>
  <controlfield tag="006">m     o  d        </controlfield>
  <controlfield tag="007">cr cn|||||||||</controlfield>
  <controlfield tag="008">090629t20092009ilu     ob    001 0 eng|d</controlfield>
  <datafield tag="020" ind1=" " ind2=" ">
    <subfield code="z">9780830838769 (pbk. : alk. paper)</subfield>
  </datafield>
  <datafield tag="020" ind1=" " ind2=" ">
    <subfield code="a">9780830879335 (e-book)</subfield>
  </datafield>
  <datafield tag="040" ind1=" " ind2=" ">
    <subfield code="a">CaPaEBR</subfield>
    <subfield code="b">eng</subfield>
    <subfield code="e">rda</subfield>
    <subfield code="e">pn</subfield>
    <subfield code="c">CaPaEBR</subfield>
  </datafield>
  <datafield tag="035" ind1=" " ind2=" ">
    <subfield code="a">(OCoLC)861529571</subfield>
  </datafield>
  <datafield tag="050" ind1="1" ind2="4">
    <subfield code="a">BL51</subfield>
    <subfield code="b">.E86 2009eb</subfield>
  </datafield>
  <datafield tag="082" ind1="0" ind2="4">
    <subfield code="a">210</subfield>
    <subfield code="2">22</subfield>
  </datafield>
  <datafield tag="100" ind1="1" ind2=" ">
    <subfield code="a">Evans, C. Stephen.</subfield>
  </datafield>
  <datafield tag="245" ind1="1" ind2="0">
    <subfield code="a">Philosophy of religion :</subfield>
    <subfield code="b">thinking about faith /</subfield>
    <subfield code="c">C. Stephen Evans &amp; R. Zachary Manis.</subfield>
  </datafield>
  <datafield tag="250" ind1=" " ind2=" ">
    <subfield code="a">Second edition.</subfield>
  </datafield>
  <datafield tag="264" ind1=" " ind2="1">
    <subfield code="a">Downers Grove, Illinois :</subfield>
    <subfield code="b">IVP Academic,</subfield>
    <subfield code="c">[2009]</subfield>
  </datafield>
  <datafield tag="264" ind1=" " ind2="4">
    <subfield code="c">&#xFFFD;2009</subfield>
  </datafield>
  <datafield tag="300" ind1=" " ind2=" ">
    <subfield code="a">1 online resource (233 pages).</subfield>
  </datafield>
  <datafield tag="336" ind1=" " ind2=" ">
    <subfield code="a">text</subfield>
    <subfield code="2">rdacontent</subfield>
  </datafield>
  <datafield tag="337" ind1=" " ind2=" ">
    <subfield code="a">computer</subfield>
    <subfield code="2">rdamedia</subfield>
  </datafield>
  <datafield tag="338" ind1=" " ind2=" ">
    <subfield code="a">online resource</subfield>
    <subfield code="2">rdacarrier</subfield>
  </datafield>
  <datafield tag="440" ind1=" " ind2="0">
    <subfield code="a">Contours of Christian philosophy</subfield>
  </datafield>
  <datafield tag="504" ind1=" " ind2=" ">
    <subfield code="a">Includes bibliographical references (pages [217]-229) and index.</subfield>
  </datafield>
  <datafield tag="505" ind1="0" ind2=" ">
    <subfield code="a">General preface -- Preface to the second edition -- What is philosophy of religion? Philosophy of religion and other disciplines ; Philosophy of religion and philosophy ; Can thinking about religion be neutral? ; Fideism ; Neutralism ; Critical dialogue -- The theistic God : the project of natural theology. Concepts of God ; The theistic concept of God ; A case study : divine foreknowledge and human freedom ; The problem of religious language ; Natural theology ; Proofs of God's existence -- Classical arguments for God's existence. Ontological arguments ; Cosmological arguments ; Teleological arguments ; Moral arguments ; Conclusions: the value of theistic argument -- Religious experience. Types of religious experience ; Two models for understanding experience ; Experience of God as direct and mediated ; Are religious experiences veridical? ; Checking experiential claims -- Special acts of God : revelation and miracles. Special acts ; Theories of revelation ; Is the traditional view defensible? ; What is a miracle? ; Is it reasonable to believe in miracles? ; Can a revelation have special authority? -- Religion, modernity, and science. Modernity and religious belief ; Naturalism ; Do the natural sciences undermine religious belief? ; Objections from the social sciences ; Religious uses of modern atheism? -- The problem of evil. Types of evil, versions of the problem and types of responses ; The logical form of the problem ; The evidential form of the problem ; Horrendous evils and the problem of hell ; Divine hiddenness -- Faith(s) and reason. Faith : subjectivity in religious arguments ; The evidentialist challenge to religious belief ; Reformed epistemology ; The place of subjectivity in forming beliefs ; Interpretive judgments and the nature of a "cumulative case" ; Can faith be certain? ; Faith and doubt : can religious faith be tested? ; What is faith? ; Could one religion be true?</subfield>
  </datafield>
  <datafield tag="588" ind1=" " ind2=" ">
    <subfield code="a">Description based on print version record.</subfield>
  </datafield>
  <datafield tag="590" ind1=" " ind2=" ">
    <subfield code="a">Electronic reproduction. Palo Alto, Calif. : ebrary, 2013. Available via World Wide Web. Access may be limited to ebrary affiliated libraries.</subfield>
  </datafield>
  <datafield tag="650" ind1=" " ind2="0">
    <subfield code="a">Religion</subfield>
    <subfield code="x">Philosophy.</subfield>
  </datafield>
  <datafield tag="650" ind1=" " ind2="0">
    <subfield code="a">Philosophical theology.</subfield>
  </datafield>
  <datafield tag="655" ind1=" " ind2="0">
    <subfield code="a">Electronic books.</subfield>
  </datafield>
  <datafield tag="700" ind1="1" ind2=" ">
    <subfield code="a">Manis, R. Zachary.</subfield>
  </datafield>
  <datafield tag="776" ind1="0" ind2="8">
    <subfield code="i">Print version:</subfield>
    <subfield code="a">Evans, C. Stephen.</subfield>
    <subfield code="t">Philosophy of religion : thinking about faith.</subfield>
    <subfield code="d">Downers Grove, Illinois : IVP Academic, [2009]</subfield>
    <subfield code="h">234 pages ; 21 cm.</subfield>
    <subfield code="k">Contours of Christian philosophy</subfield>
    <subfield code="z">9780830838769</subfield>
    <subfield code="w">(OCoLC)ocn421949557</subfield>
    <subfield code="w">(DLC)  2009026591</subfield>
  </datafield>
  <datafield tag="797" ind1="2" ind2=" ">
    <subfield code="a">ebrary.</subfield>
  </datafield>
  <datafield tag="856" ind1="4" ind2="0">
    <subfield code="u">http://site.ebrary.com/lib/rucke/Doc?id=10757544</subfield>
    <subfield code="z">An electronic book accessible through the World Wide Web; click to view</subfield>
  </datafield>
  <datafield tag="999" ind1=" " ind2=" ">
    <subfield code="c">118974</subfield>
    <subfield code="d">118974</subfield>
  </datafield>
</record>
